¿Protección o librecambio? (Record no. 71610)

MARC details
000 -LEADER
campo de control de longitud fija 00677nam a2200193 i 4500
001 - NÚMERO DE CONTROL
campo de control 71610
003 - IDENTIFICADOR DE NÚMERO DE CONTROL
campo de control ES-MaACL
005 - FECHA Y HORA DE LA ÚLTIMA TRANSACCIÓN
campo de control 20250809011730.0
007 - CAMPO FIJO DE DESCRIPCIÓN FÍSICA--INFORMACIÓN GENERAL
campo de control de longitud fija t|
008 - DATOS DE LONGITUD FIJA--INFORMACIÓN GENERAL
campo de control de longitud fija 040813s1912 sp |||| | spa d
100 1# - ENTRADA PRINCIPAL--NOMBRE DE PERSONA
Nombre de persona George, Henry.
9 (RLIN) 56382
245 11 - MENCIÓN DEL TÍTULO
Título ¿Protección o librecambio?
Resto del título : examen del problema arancelario con especial atención a los intereses del Estado /
Mención de responsabilidad, etc. Henry George ; traducción por Baldomero Argente.
260 ## - PUBLICACIÓN, DISTRIBUCIÓN, ETC.
Lugar de publicación, distribución, etc. Madrid :
Nombre del editor, distribuidor, etc. [s.n.,
Fecha de publicación, distribución, etc. 1912] (
Fabricante Luis Faure)
300 ## - DESCRIPCIÓN FÍSICA
Extensión 364 p. ;
Dimensiones 22 cm.
650 #7 - PUNTO DE ACCESO ADICIONAL DE MATERIA--TÉRMINO DE MATERIA
Término de materia o nombre geográfico como elemento de entrada Libre cambio
Fuente del encabezamiento o término embne
9 (RLIN) 136409
700 1# - ENTRADA AGREGADA--NOMBRE PERSONAL
Nombre de persona Argente, Baldomero,
Fechas asociadas al nombre 1877-1965
9 (RLIN) 22691
852 ## - LOCALIZACIÓN
Ubicación ES-MaACL
Número de control de estantería F-3285
Holdings
Estatus retirado Estado de pérdida Estado de daño No para préstamo Biblioteca de origen Biblioteca actual Ubicación en estantería Fecha de adquisición Fuente de adquisición Total de préstamos Signatura topográfica completa Código de barras Visto por última vez Precio de reemplazo Tipo de ítem Koha
        Biblioteca del Ateneo de Madrid Biblioteca del Ateneo de Madrid Depósito 2 17/01/2008     F-3285 1074972 23/02/2023 23/02/2023 Libro impreso